• 首页
  • 本馆介绍
  • 公告通知
  • 最新文献
  • 馆藏检索
  • 电子资源
  • 读者导购
  • 参考咨询
  • 我的图书馆
  • 登录
  • 详细信息显示
  • 放入我的书架
  • 预约/预借图书
  • 作者相关作品
  • 分类相关作品
  • 丛书相关作品
  • 出版社相关作品

书目信息

  • 表格格式
  • 工作单格式
  • 卡片格式
题名:
中学生物手册
    
 
作者: ;泉州市生物学会 , 泉州市中学生物校际教研组 编
分册:  
出版信息: 福州   福建人民出版社  1982
页数: 267页
开本: 13cm
丛书名:
单 册:
中图分类: G634.91 , G633.91-62
科图分类:
主题词: 生物学--中学--手册 , 教育--各级
电子资源:
ISBN:
000 00855nam0 2200277 45
001 0182001934
005 20061110083934.35
010    @dCNY0.40
091    @a7173.513
100    @a19950614d1982 em y0chiy0121 ea
101 0  @achi
102    @aCN@b350000
105    @ay z 000yy
106    @ar
200 10 @a中学生物手册@Azhong xue sheng wu shou ce@f泉州市生物学会,泉州市中学生物校际教研组编
210    @a福州@c福建人民出版社@d1982
215    @a267页@d13cm
606    @a生物学@x中学@x手册
606 0  @a教育@x各级
690    @aG634.91@v3
690    @aG633.91-62@v3
711 02 @a泉州市生物学会@Aquan zhou shi sheng wu xue hui@4编
711 02 @a泉州市中学生物校际教研组@Aquan zhou shi zhong xue sheng wu xiao ji jiao yan zu@4编
801  0 @aCN@b上海图书馆@c20061110
801  2 @aCN@bNLC@c20040506
905    @f4@b86398-401@dG633.91-62@eQ972
    
    中学生物手册/泉州市生物学会,泉州市中学生物校际教研组编.-福州:福建人民出版社,1982
    267页;13cm
    
    
    ISBN :CNY0.40
    
●
相关链接 在E读中查询图书 在五车中查询图书 在当当中查询图书 在豆瓣中查询图书


正题名:中学生物手册     索取号:G633.91-62/Q972         预约/预借

序号 登录号 条形码 馆藏地/架位号 状态 备注
1 0086398   001583735   密集书库/ [索取号:G633.91-62/Q972] 在馆    
2 0086399   000256671   密集书库/ [索取号:G633.91-62/Q972] 在馆    
3 0086400   000256662   密集书库/ [索取号:G633.91-62/Q972] 在馆    
4 0086401   000256653   第一样本阅览室/ [索取号:G633.91-62/Q972] 在馆    
唐山师范学院图书馆 欢迎您!
大连网信软件有限公司© 版权所有